000 00955nam a2200313Ia 4500
008 130821s1970 mx gr spa
040 _aCo-BoUCM
_bspa
041 _aspa
100 _aBosch Gimpera, Pere
_d1891-1974
_995308
245 _aHistoria de Oriente
_cPedro Bosch Gimpera
260 _aMéxico D.F. (México)
_bUnam
_c1970
300 _a680 páginas
650 0 4 _aAntropología
_99185
650 0 4 _aExtremo Oriente
_97614
650 0 4 _aExtremo Oriente
_xHistoria
_97614
650 0 4 _aHistoria antigua
_916925
650 0 4 _aHistoria
_97695
650 0 4 _aPrehistoria
_922189
650 0 4 _aSumerios
_98129
650 0 4 _aSumerios
_xHistoria
_98129
651 _aÁfrica
_926728
651 _aÁfrica
_xPrehistoria
_9156065
651 _aAsia
_926576
651 _aAsia
_xHistoria
_951665
651 _aEgipto
_926935
651 _aEgipto
_xHistoria
_926935
942 _cLIBRO
_a21
_e1
_mB67H
_2DEWEY
_h950
999 _c16279
_d16279